| 000 | 00399pab a2200157 454500 | ||
|---|---|---|---|
| 008 | 180718b1997 xxu||||| |||| 00| 0 eng d | ||
| 100 | _aAuerbach, Alan J. | ||
| 245 | _aThe economic effects of the Tax Reform Act of 1986 | ||
| 260 | _c1997 | ||
| 300 | _ap.589-632 | ||
| 362 | _aJun | ||
| 650 | _aTaxation | ||
| 700 | _aSlemrod, Joel | ||
| 773 | _aJournal of Economic Literature | ||
| 909 | _a34693 | ||
| 999 |
_c34693 _d34693 |
||